Historia de la antigua Grecia / (Record no. 148595)

MARC details
000 -LEADER
campo de control de longitud fija 00860nam a2200277 i 4500
001 - NÚMERO DE CONTROL
campo de control 148595
003 - IDENTIFICADOR DE NÚMERO DE CONTROL
campo de control ES-MaACL
005 - FECHA Y HORA DE LA ÚLTIMA TRANSACCIÓN
campo de control 20250803050542.0
007 - CAMPO FIJO DE DESCRIPCIÓN FÍSICA--INFORMACIÓN GENERAL
campo de control de longitud fija t|
008 - DATOS DE LONGITUD FIJA--INFORMACIÓN GENERAL
campo de control de longitud fija 070214s1979 sp r ||||1| spa d
020 ## - NÚMERO INTERNACIONAL ESTÁNDAR DEL LIBRO
Número Internacional Estándar del Libro 84-7339-190-X
100 1# - ENTRADA PRINCIPAL--NOMBRE DE PERSONA
Nombre de persona Struve, Vasiliï Vasil'evich.
9 (RLIN) 108476
245 10 - MENCIÓN DEL TÍTULO
Título Historia de la antigua Grecia /
Mención de responsabilidad, etc. V.V. Struve ; [traducción, M. Caplan ; prólogo y edición, Alberto M. Prieto].
250 ## - MENCION DE EDICION
Mención de edición 3ª ed. corr. y aum.
260 ## - PUBLICACIÓN, DISTRIBUCIÓN, ETC.
Lugar de publicación, distribución, etc. [Madrid] :
Nombre del editor, distribuidor, etc. Akal,
Fecha de publicación, distribución, etc. 1979.
300 ## - DESCRIPCIÓN FÍSICA
Extensión 892 p. :
Otras características físicas 4 map. ;
Dimensiones 23 cm.
490 1# - MENCIÓN DE SERIE
Mención de serie Textos
504 ## - NOTA DE BIBLIOGRAFÍA, ETC.
Nota de bibliografía, etc. Bibliografía: p. 881-886.
650 #7 - PUNTO DE ACCESO ADICIONAL DE MATERIA--TÉRMINO DE MATERIA
Término de materia o nombre geográfico como elemento de entrada Historia antigua
Fuente del encabezamiento o término embne
9 (RLIN) 13385
651 #4 - PUNTO DE ACCESO ADICIONAL DE MATERIA--NOMBRE GEOGRÁFICO
Nombre geográfico Grecia-
Subdivisión general Historia.
9 (RLIN) 8777
700 1# - ENTRADA AGREGADA--NOMBRE PERSONAL
Nombre de persona Caplan, M.
9 (RLIN) 34857
700 1# - ENTRADA AGREGADA--NOMBRE PERSONAL
Nombre de persona Prieto, Alberto M.
9 (RLIN) 93873
830 1# - PUNTO DE ACCESO ADICIONAL DE SERIE-TÍTULO UNIFORME
Título uniforme Textos
9 (RLIN) 179017
852 ## - LOCALIZACIÓN
Ubicación ES-MaACL
Número de control de estantería A-10567
Holdings
Estatus retirado Estado de pérdida Estado de daño No para préstamo Biblioteca de origen Biblioteca actual Ubicación en estantería Fecha de adquisición Fuente de adquisición Total de préstamos Signatura topográfica completa Código de barras Visto por última vez Precio de reemplazo Tipo de ítem Koha
        Biblioteca del Ateneo de Madrid Biblioteca del Ateneo de Madrid Depósito 1 17/01/2008     A-10567 1155068 23/02/2023 23/02/2023 Libro impreso